Vista normal Vista MARC

Entrada Materia (tema)

Número de registros utilizados en: 1

001 - CONTROL NUMBER

  • control field: 42289

003 - CONTROL NUMBER IDENTIFIER

  • control field: Co-BoUCM

005 - DATE AND TIME OF LATEST TRANSACTION

  • control field: 20130809133751.0

008 - FIXED-LENGTH DATA ELEMENTS

  • fixed length control field: 130809|| aca||aabn | a|a d

040 ## - CATALOGING SOURCE

  • Original cataloging agency: Co-BoUCM
  • Transcribing agency: Co-BoUCM

150 ## - HEADING--TOPICAL TERM

  • Topical term or geographic name as entry element: Ensayos eslovenos

670 ## - SOURCE DATA FOUND

  • Source citation: Work cat.: (Co-BoUCM)41526: Zizek, Slavoj 42288, Las metástasis del goce, 2010.